[Event "Swiss Queens Wed #14"]
[Site "FIDE Online Arena INT"]
[Date "2024.05.01"]
[Round "5"]
[White "Gunina, Valentina"]
[Black "Lesbekova, Asel"]
[Result "1-0"]
[WhiteElo "2437"]
[BlackElo "1870"]
[PlyCount "55"]
[EventDate "2024.05.01"]
[EventType "swiss (blitz)"]
[EventRounds "11"]
[EventCountry "NET"]
[SourceTitle "CB19_2024"]
[SourceDate "2024.05.08"]
[SourceVersion "1"]
[SourceVersionDate "2024.05.08"]
[SourceQuality "1"]

1. d4 d5 2. c4 e6 3. Nf3 a6 4. Bg5 Be7 5. Bxe7 Qxe7 6. Nbd2 Nf6 7. e3 dxc4 8. Nxc4 b5 9. Na5 0-0 10. Rc1 Ra7 11. Bd3 Nfd7 12. 0-0 c5 13. dxc5 Nxc5 14. Bxh7+ Kxh7 15. Qc2+ g6 16. Qxc5 Qxc5 17. Rxc5 Nd7 18. Rc2 Nf6 19. h3 Bd7 20. Rfc1 Kg7 21. Ne5 Nd5 22. e4 Nb4 23. Rd2 Be8 24. a3 f6 25. Nf3 f5 26. axb4 fxe4 27. Ng5 Re7 28. Nxe4 1-0

[Event "Swiss Queens Wed #14"]
[Site "FIDE Online Arena INT"]
[Date "2024.05.01"]
[Round "6"]
[White "Lesbekova, Asel"]
[Black "Petrova, Irina"]
[Result "0-1"]
[WhiteElo "1870"]
[BlackElo "2108"]
[PlyCount "80"]
[EventDate "2024.05.01"]
[EventType "swiss (blitz)"]
[EventRounds "11"]
[EventCountry "NET"]
[SourceTitle "CB19_2024"]
[SourceDate "2024.05.08"]
[SourceVersion "1"]
[SourceVersionDate "2024.05.08"]
[SourceQuality "1"]

1. e4 d6 2. d4 Nf6 3. Nc3 e5 4. Nf3 Nbd7 5. Bc4 Be7 6. a4 c6 7. a5 0-0 8. 0-0 h6 9. h3 Re8 10. Re1 Bf8 11. Nh4 exd4 12. Qxd4 d5 13. Bf1 Nxe4 14. Nf5 Ndf6 15. Nxe4 Nxe4 16. Ne3 Bc5 17. Qd1 Qf6 18. Qf3 Qxf3 19. gxf3 Ng5 20. Bg2 Bxh3 21. Bd2 Bxg2 22. Kxg2 b6 23. b4 Bf8 24. axb6 axb6 25. b5 Rxa1 26. Rxa1 d4 27. Nc4 cxb5 28. Nxb6 Ne6 29. Ra5 b4 30. Rb5 Rb8 31. Bxb4 Nc7 32. Ra5 Rxb6 33. Bd2 Rg6+ 34. Kf1 Kh7 35. Ke2 Ne6 36. Kd3 Rf6 37. Ke4 Ng5+ 38. Kxd4 Nxf3+ 39. Ke3 Nxd2 40. f4 Nc4+ 0-1

[Event "Titled Tuesday intern op 30th Apr Early"]
[Site "Chess.com INT"]
[Date "2024.04.30"]
[Round "3"]
[White "Lesbekova, Asel"]
[Black "Ahn, Hongjin"]
[Result "0-1"]
[WhiteElo "1870"]
[BlackElo "2255"]
[PlyCount "128"]
[EventDate "2024.04.30"]
[EventType "swiss (blitz)"]
[EventRounds "11"]
[EventCountry "USA"]
[SourceTitle "CB19_2024"]
[SourceDate "2024.05.08"]
[SourceVersion "1"]
[SourceVersionDate "2024.05.08"]
[SourceQuality "1"]

1. e4 c5 2. Nf3 e6 3. c4 Nc6 4. Nc3 Nf6 5. Be2 g6 6. d4 cxd4 7. Nxd4 d6 8. 0-0 a6 9. f4 Qc7 10. Be3 Bg7 11. Qd2 0-0 12. Rac1 Qb8 13. Rfd1 Nxd4 14. Bxd4 e5 15. Be3 Be6 16. Qxd6 Qxd6 17. Rxd6 exf4 18. Bxf4 Rac8 19. Nd5 Bxd5 20. exd5 Ne4 21. Rd7 Bxb2 22. Rb1 Bd4+ 23. Kf1 b5 24. cxb5 axb5 25. Bxb5 g5 26. Rd1 gxf4 27. Rxd4 Rc1+ 28. Ke2 Nc3+ 29. Kd2 Nxb5 30. Rxf4 Rc5 31. Rg4+ Kh8 32. Rf4 Rc7 33. Rxc7 Nxc7 34. d6 Ne6 35. Rf3 Kg7 36. Kc3 Rd8 37. Rd3 Nc5 38. Rd4 Nb7 39. d7 Nc5 40. a4 Nxd7 41. a5 Rc8+ 42. Kb4 Ne5 43. Kb5 Rc2 44. a6 Rb2+ 45. Rb4 Rd2 46. a7 Rd8 47. Kb6 Re8 48. Kb7 Nd3 49. Rc4 Ne5 50. Rc8 Re7+ 51. Rc7 Re8 52. a8Q Rxa8 53. Kxa8 Ng4 54. h3 Ne3 55. g3 Nf5 56. Rc3 Nd4 57. Kb7 f5 58. Kc7 Nb5+ 59. Kd7 Nxc3 60. Ke6 Kg6 61. Ke5 Ne4 62. g4 fxg4 63. hxg4 Nf6 64. Kf4 h6 0-1

[Event "Swiss Queens Wed #13"]
[Site "FIDE Online Arena INT"]
[Date "2024.04.24"]
[Round "11"]
[White "Lesbekova, Asel"]
[Black "Luong, Phuong Hanh"]
[Result "1-0"]
[WhiteElo "1870"]
[BlackElo "2052"]
[PlyCount "97"]
[EventDate "2024.04.24"]
[EventType "swiss (blitz)"]
[EventRounds "11"]
[EventCountry "NET"]
[SourceTitle "CB18_2024"]
[SourceDate "2024.05.01"]
[SourceVersion "1"]
[SourceVersionDate "2024.05.01"]
[SourceQuality "2"]

1. e4 c5 2. Nf3 g6 3. c3 Bg7 4. h4 h6 5. d4 cxd4 6. cxd4 d5 7. e5 Nc6 8. Nc3 Bf5 9. Be3 e6 10. Bd3 Nge7 11. a3 Qb6 12. b4 Rc8 13. Rc1 0-0 14. Na4 Qd8 15. Qd2 Bxd3 16. Qxd3 Nf5 17. Qd2 a5 18. b5 Nce7 19. 0-0 Nxe3 20. fxe3 Nf5 21. Rxc8 Qxc8 22. Rc1 Qd8 23. b6 Nxh4 24. Nxh4 Qxh4 25. Rc7 h5 26. Rxb7 Bh6 27. Rc7 Qg3 28. Rc3 h4 29. Qf2 Qg4 30. Qf3 Qg5 31. b7 Qe7 32. Nc5 a4 33. Qd1 h3 34. gxh3 Qg5+ 35. Qg4 Qe7 36. Kf2 Bg5 37. Ke2 Bh6 38. Rc2 Qe8 39. Rb2 Qb8 40. Nd7 Qa7 41. Nxf8 Qa6+ 42. Kf2 Qd3 43. Qe2 Qf5+ 44. Qf3 Qg5 45. b8Q Qh4+ 46. Kg2 Bxf8 47. Qg3 Qe4+ 48. Qf3 Qd3 49. Qe8 1-0

[Event "Swiss Queens Wed #3"]
[Site "FIDE Online Arena INT"]
[Date "2024.02.14"]
[Round "8"]
[White "Lesbekova, Asel"]
[Black "Kosteniuk, Alexandra"]
[Result "0-1"]
[WhiteElo "1805"]
[BlackElo "2501"]
[PlyCount "130"]
[EventDate "2024.02.14"]
[EventType "swiss (blitz)"]
[EventRounds "11"]
[EventCountry "NET"]
[SourceTitle "CB08_2024"]
[SourceDate "2024.02.21"]
[SourceVersion "1"]
[SourceVersionDate "2024.02.21"]
[SourceQuality "1"]

1. e4 c6 2. d4 d5 3. e5 c5 4. dxc5 e6 5. a3 Bxc5 6. b4 Be7 7. Bb2 a5 8. b5 Nd7 9. Nf3 f6 10. Bd3 Qc7 11. Qe2 Nc5 12. 0-0 Nh6 13. Nbd2 0-0 14. Nb3 Nxd3 15. cxd3 fxe5 16. Bxe5 Bd6 17. Rfc1 Qe7 18. Bxd6 Qxd6 19. Qe5 Qd8 20. Nbd4 Nf7 21. Qe2 Qf6 22. Re1 Bd7 23. Ra2 Rac8 24. h3 Rfe8 25. Ne5 Nxe5 26. Qxe5 Qxe5 27. Rxe5 Rc3 28. Re3 e5 29. Ne2 Rc5 30. d4 exd4 31. Rxe8+ Bxe8 32. Nxd4 Bxb5 33. Rb2 Ba6 34. Rb6 Kf7 35. Ne6 Rc1+ 36. Kh2 Ke7 37. Nf4 Rd1 38. Nh5 d4 39. Nxg7 d3 40. Nf5+ Kd7 41. Ne3 Ra1 42. Rb3 Kd6 43. Rb6+ Kc5 44. Rh6 d2 45. Rxh7 d1Q 46. Nxd1 Rxd1 47. h4 Rd2 48. Kg3 Rd3+ 49. f3 Rxa3 50. h5 Ra1 51. Kh2 Re1 52. Rc7+ Kb6 53. Rg7 a4 54. h6 Re6 55. h7 Rh6+ 56. Kg3 Bd3 57. f4 Rxh7 58. Rg8 Kb5 59. Ra8 Kb4 60. Kf3 Ba6 61. f5 a3 62. Rd8 a2 63. Rd1 Kc3 64. g4 Bd3 65. Kf4 Bb1 0-1

[Event "Wch Blitz (Women)"]
[Site "Samarkand"]
[Date "2023.12.30"]
[Round "16"]
[White "Lesbekova, Asel"]
[Black "Narva, Mai"]
[Result "0-1"]
[WhiteElo "1805"]
[BlackElo "2403"]
[PlyCount "68"]
[EventDate "2023.12.29"]
[EventType "swiss (blitz)"]
[EventRounds "17"]
[EventCountry "UZB"]
[SourceTitle "CB01_2024"]
[SourceDate "2024.01.03"]
[SourceVersion "1"]
[SourceVersionDate "2024.01.03"]
[SourceQuality "1"]

1. e4 c5 2. Nf3 Nc6 3. Bb5 e6 4. 0-0 Nge7 5. d4 cxd4 6. Nxd4 a6 7. Be2 Ng6 8. c4 Be7 9. Nc3 0-0 10. Be3 Qc7 11. Rc1 Bf6 12. Qd2 b6 13. Nd5 exd5 14. cxd5 Bb7 15. dxc6 dxc6 16. f4 c5 17. e5 Be7 18. Nf5 Rad8 19. Qc2 Nh4 20. Nxh4 Bxh4 21. Bf3 Be7 22. b4 Rc8 23. bxc5 Bxc5 24. Bxc5 bxc5 25. Bxb7 Qxb7 26. Qb3 Qe4 27. Rc3 c4 28. Qc2 Qd4+ 29. Kh1 Rfd8 30. h3 a5 31. Rc1 Qxf4 32. Rxc4 Rxc4 33. Qxc4 Qxe5 34. Qc7 Rd1+ 0-1